=LDR 00000nam 2200000 4500 =001 INLIS000000000036802 =005 20130612142551 =008 ***********************************Ind** =035 ##$$a0010-061300000036802 =041 ##$$a Ind =082 ##$$a 808.83 =090 ##$$a 808.83, Teg t =245 ##$$a Tegar kekuatan dalam keterpurukan, kumpulan cerita mini indonesia =260 ##$$a 2009 $b Jakarta =300 ##$$a 188 hlm, 21 cm =650 ##$$a Kumpulan cerita pendek =850 ##$$a NBPNMAT =990 ##$$a 21195641/BPAP-NTB/2014